Sustainability economics (Record no. 178083)
[ view plain ]
| 000 -LEADER | |
|---|---|
| fixed length control field | 00327nam a22001457a 4500 |
| 003 - CONTROL NUMBER IDENTIFIER | |
| control field | OSt |
| 020 ## - INTERNATIONAL STANDARD BOOK NUMBER | |
| International Standard Book Number | 9780415686839 |
| 082 ## - DEWEY DECIMAL CLASSIFICATION NUMBER | |
| Classification number | 330 |
| Item number | PET/SU |
| 100 ## - MAIN ENTRY--PERSONAL NAME | |
| Personal name | Bartelmus peter |
| 245 ## - TITLE STATEMENT | |
| Title | Sustainability economics |
| 250 ## - EDITION STATEMENT | |
| Edition statement | 1 |
| 260 ## - PUBLICATION, DISTRIBUTION, ETC. (IMPRINT) | |
| Place of publication, distribution, etc. | London |
| Name of publisher, distributor, etc. | Routledge Tylor and Francis group |
| 300 ## - PHYSICAL DESCRIPTION | |
| Extent | 147p. |
| 942 ## - ADDED ENTRY ELEMENTS (KOHA) | |
| Source of classification or shelving scheme | Dewey Decimal Classification |
| Koha item type | Books (General) |
| Withdrawn status | Lost status | Source of classification or shelving scheme | Damaged status | Not for loan | Collection code | Home library | Current library | Shelving location | Date acquired | Cost, normal purchase price | Total Checkouts | Full call number | Barcode | Date last seen | Price effective from | Koha item type |
|---|---|---|---|---|---|---|---|---|---|---|---|---|---|---|---|---|
| Dewey Decimal Classification | English Fiction | College of Co-operation, Banking & Management Library, Vellanikkara | College of Co-operation, Banking & Management Library, Vellanikkara | 21/11/2017 | 3555.00 | 330 PET/SU | KAU_CCBM-15655 | 21/11/2017 | 21/11/2017 | Reference Book |
